Online Catalogue and eLibrary

Power and Decision: (Record no. 1409)

MARC details
000 -LEADER
fixed length control field 00589nam a2200205Ia 4500
005 - DATE AND TIME OF LATEST TRANSACTION
control field 20250129050123.0
008 - FIXED-LENGTH DATA ELEMENTS--GENERAL INFORMATION
fixed length control field 240331s9999 xx 000 0 und d
020 ## - INTERNATIONAL STANDARD BOOK NUMBER
ISBN 067469533X
082 ## - DDC Classification
Item Number - Author Mark SEN
DDC Edition Number 3924
Class No. 304.6
100 ## - MAIN ENTRY--PERSONAL NAME
Personal name Sen, G
100 ## - MAIN ENTRY--PERSONAL NAME
Personal name Snow, R. C
245 #0 - TITLE STATEMENT
Title Power and Decision:
Remainder of title The Social Control of Reproduction
260 ## - PUBLICATION, DISTRIBUTION, ETC.
Place of publication, distribution, etc. Massachusetts
Name of publisher, distributor, etc. Department of Population and International Health, Harvard School of Public Health
Date of publication, distribution, etc. 1994
300 ## - PHYSICAL DESCRIPTION
Extent (e.g. Volumes, Pages etc.) ii, 348 p.,
650 ## - SUBJECT ADDED ENTRY--TOPICAL TERM
Topical term or geographic name entry element Reproduction
650 ## - SUBJECT ADDED ENTRY--TOPICAL TERM
Topical term or geographic name entry element Women
650 ## - SUBJECT ADDED ENTRY--TOPICAL TERM
Topical term or geographic name entry element Birth Control
650 ## - SUBJECT ADDED ENTRY--TOPICAL TERM
Topical term or geographic name entry element Abortion
942 ## - Koha item type (Biblio)
Koha item type Books in Stacks (Lending)
Holdings
Lost status Damaged status Collection code Home library Current library Shelving location Date acquired Full call number Accession Number Item type
    Lending WERC Library WERC Library Social Science Cupboard 03/31/2024 304.6 SEN 3924 Books in Stacks (Lending)

© WERC Library